LIBRARY & INFORMATION CENTRE, KCAET, TAVANUR

ONLINE PUBLIC ACCESS CATALOGUE (OPAC)

Organisational behaviour (Record no. 15497)

MARC details
000 -LEADER
fixed length control field 00278nam a22001217a 4500
020 ## - INTERNATIONAL STANDARD BOOK NUMBER
ISBN 8170141362
082 ## - DEWEY DECIMAL CLASSIFICATION NUMBER
Classification number 658.1
Item number PRA/OR
100 ## - MAIN ENTRY--AUTHOR NAME
Personal name Prasad, L.M
245 ## - TITLE STATEMENT
Title Organisational behaviour
260 ## - PUBLICATION, DISTRIBUTION, ETC. (IMPRINT)
Place of publication New Delhi
Name of publisher Sultan Chand& Sons
Year of publication 1997
300 ## - PHYSICAL DESCRIPTION
Number of Pages 550
942 ## - ADDED ENTRY ELEMENTS (KOHA)
Koha item type Books
Holdings
Withdrawn status Lost status Damaged status Home library Current library Date acquired Full call number Accession Number Koha item type
      KAUAET KAUAET 30/07/2018 658.1 PRA/OR 19431 Books
free website counter